Statistics for Top 50 Albums from 2015

Click here to take the quiz!

General Stats

  • This quiz has been taken 5 times
  • The average score is 7 of 50

Answer Stats

ArtistAlbum% Correct
#1: Kendrick LamarTo Pimp a Butterfly
100%
#8: Travis ScottRodeo
80%
#13: Toby "Radiation" FoxUndertale
80%
#5: Death GripsJenny Death
60%
#2: Sufjan StevensCarrie & Lowell
40%
#17: Tame ImpalaCurrents
40%
#35: Beach HouseDepression Cherry
40%
#10: Carly Rae JepsenE·MO·TION
40%
#9: Earl SweatshirtI Don't Like Shit, I Don't Go Outside
40%
#23: Vince StaplesSummertime '06
40%
#11: Kamasi WashingtonThe Epic
40%
#3: Death GripsThe Powers That B
40%
#4: Joanna NewsomDivers
20%
#28: Jamie xxIn Colour
20%
#20: BjörkVulnicura
20%
#19: Chelsea WolfeAbyss
0%
#16: ElzaA Mulher do Dim do Mundo
0%
#21: GrimesArt Angels
0%
#27: 2814Atarashii Hi no Tanjou
0%
#33: PanopticonAutumn Eternal
0%
#38: Ryan AmonBloodborne
0%
#49: AL-90CODE-915913
0%
#7: MgłaExercises in Futility
0%
#43: Max RichterFrom Sleep
0%
#15: Oneohtrix Point NeverGarden of Delete
0%
#34: Everything EverythingGet to Heaven
0%
#48: Macabre OmenGods of War - At War
0%
#22: Mid-Air ThiefGongjoong Doduk
0%
#39: Steven WilsonHand. Cannot. Erase.
0%
#6: Julia HolterHave You in My Wilderness
0%
#29: Father John MistyI Love You, Honeybear
0%
#47: Guided by VoicesKing Shit & the Golden Boys
0%
#14: BatushkaLitourgiya
0%
#40: GhostMeliora
0%
#44: Ensemble Signal / Brad LubmanMusic for 18 Musicians
0%
#24: Áine O'DwyerMusic for Church Cleaners Vol. I and II
0%
#50: Colin Stetson and Sarah NeufeldNever Were the Way She Was
0%
#26: Clarence ClarityNo Now
0%
#18: Lil Ugly ManeOblivion Access
0%
#25: KOTOPlatonic Planet
0%
#46: Max RichterSleep
0%
#30: MiloSo the Flies Don't Come
0%
#45: Julien BakerSprained Ankle
0%
#42: Susanne SundførTen Love Songs
0%
#32: LeprousThe Congregation
0%
#31: Marcin Przybyłowicz & Mikolai StroinskiThe Witcher 3: Wild Hunt
0%
#12: Lil Ugly ManeThird Side of Tape
0%
#41: AmorphisUnder the Red Cloud
0%
#37: Viet CongViet Cong
0%
#36: Jeff RosenstockWe Cool?
0%

Score Distribution

Percentile by Number Answered

Percent of People with Each Score

Your Score History

You have not taken this quiz